<?xml version="1.0" encoding="UTF-8"?>
<record
    xmlns:xsi="http://www.w3.org/2001/XMLSchema-instance"
    xsi:schemaLocation="http://www.loc.gov/MARC21/slim http://www.loc.gov/standards/marcxml/schema/MARC21slim.xsd"
    xmlns="http://www.loc.gov/MARC21/slim">

  <leader>00625nam a22002171i 4500</leader>
  <controlfield tag="001">10750</controlfield>
  <datafield tag="010" ind1=" " ind2=" ">
    <subfield code="a">9789725300954</subfield>
  </datafield>
  <datafield tag="090" ind1=" " ind2=" ">
    <subfield code="a">10750</subfield>
  </datafield>
  <datafield tag="100" ind1=" " ind2=" ">
    <subfield code="a">20170304u        u  u0frey50      ba</subfield>
  </datafield>
  <datafield tag="101" ind1="0" ind2=" ">
    <subfield code="a">por</subfield>
  </datafield>
  <datafield tag="200" ind1="1" ind2=" ">
    <subfield code="f">Allan Pease</subfield>
    <subfield code="a">Porque &#xE9; que os homens nunca ouvem nada e as mulheres n&#xE3;o sabem ler os mapas de estradas</subfield>
  </datafield>
  <datafield tag="210" ind1=" " ind2=" ">
    <subfield code="c">Biz&#xE2;ncio</subfield>
    <subfield code="a">Lisboa</subfield>
    <subfield code="d">2000</subfield>
  </datafield>
  <datafield tag="215" ind1=" " ind2=" ">
    <subfield code="a">317, [39] p.</subfield>
    <subfield code="c">il.</subfield>
    <subfield code="d">21 cm</subfield>
  </datafield>
  <datafield tag="606" ind1=" " ind2=" ">
    <subfield code="9">41</subfield>
    <subfield code="a">Psicologia</subfield>
    <subfield code="x">Emo&#xE7;&#xF5;es</subfield>
    <subfield code="x">sonhos</subfield>
  </datafield>
  <datafield tag="675" ind1=" " ind2=" ">
    <subfield code="a">159.94</subfield>
    <subfield code="9">42</subfield>
  </datafield>
  <datafield tag="700" ind1=" " ind2="1">
    <subfield code="a">Pease</subfield>
    <subfield code="b">Allan</subfield>
    <subfield code="4">070</subfield>
  </datafield>
  <datafield tag="701" ind1=" " ind2="1">
    <subfield code="a">Pease</subfield>
    <subfield code="b">Barbara</subfield>
    <subfield code="4">070</subfield>
  </datafield>
  <datafield tag="702" ind1=" " ind2="1">
    <subfield code="a">Altherre</subfield>
    <subfield code="b">Catarina</subfield>
    <subfield code="4">730</subfield>
  </datafield>
  <datafield tag="801" ind1=" " ind2=" ">
    <subfield code="a">PT</subfield>
    <subfield code="g">RPC</subfield>
  </datafield>
  <datafield tag="990" ind1=" " ind2=" ">
    <subfield code="c">LIVROS</subfield>
  </datafield>
  <datafield tag="994" ind1=" " ind2=" ">
    <subfield code="a">COMP</subfield>
  </datafield>
  <datafield tag="995" ind1=" " ind2=" ">
    <subfield code="0">0</subfield>
    <subfield code="1">0</subfield>
    <subfield code="9">13967</subfield>
    <subfield code="b">BMVA</subfield>
    <subfield code="d">BMVA</subfield>
    <subfield code="f">0015242</subfield>
    <subfield code="k">159.9  PEA</subfield>
    <subfield code="m">2017-07-18</subfield>
    <subfield code="o">0</subfield>
    <subfield code="r">LIVROS</subfield>
  </datafield>
  <datafield tag="995" ind1=" " ind2=" ">
    <subfield code="0">0</subfield>
    <subfield code="1">0</subfield>
    <subfield code="9">13968</subfield>
    <subfield code="b">BMVAAL</subfield>
    <subfield code="d">BMVAAL</subfield>
    <subfield code="e">DEP</subfield>
    <subfield code="f">0003414AL</subfield>
    <subfield code="k">159.9 PEA</subfield>
    <subfield code="o">0</subfield>
    <subfield code="r">LIVROS</subfield>
    <subfield code="u">cx. 257-A</subfield>
  </datafield>
</record>
